000
00350pam a2200157a 44500
008
230515b1967 xxu||||| |||| 00| 0 eng d
020
_a
NULL
041
_a
MARATHI
082
_a
1
100
_a
KULKARNI
245
_a
SARANGDARSAMHITA VOL-1
250
_a
2
260
_a
SANGALI
_b
N.D.
_c
1967
300
_a
100
650
_a
SARANGDARSAMHITA VOL-1
999
_c
496934
_d
496934